• 首页
  • 本馆介绍
  • 公告通知
  • 最新文献
  • 馆藏检索
  • 电子资源
  • 读者导购
  • 参考咨询
  • 我的图书馆
  • 登录
  • 详细信息显示
  • 放入我的书架
  • 预约/预借图书
  • 作者相关作品
  • 分类相关作品
  • 丛书相关作品
  • 出版社相关作品

书目信息

  • 表格格式
  • 工作单格式
  • 卡片格式
题名:
北洋政府时期的新闻业及其现代化
    
 
作者: 王润泽 著
分册:  
出版信息: 北京   中国人民大学出版社  2010
页数: 436页
开本: 21cm
丛书名:
单 册:
中图分类: G219.296
科图分类:
主题词: 新闻事业史--中国--1916~1928 , 新闻事业史
电子资源:
ISBN: 978-7-300-11318-0
000 00999nam0 2200253 45
001 1130716874
005 20110310092144.71
010    @a978-7-300-11318-0@dCNY36.00
100    @a20110121d2010 em y0chiy50 ea
101 0  @achi
102    @aCN@b110000
105    @ay z 000yy
106    @ar
200 1  @a北洋政府时期的新闻业及其现代化@ABei Yang Zheng Fu Shi Qi De Xin Wen Ye Ji Qi Xian Dai Hua@e1916-1928@f王润泽著@FWang Run Ze Zhu
210    @a北京@c中国人民大学出版社@d2010
215    @a436页@d21cm
300    @a北京市社会科学理论著作出版基金资助
330    @a本书对1916-1928年新闻媒体,包括官办报纸、政党报纸、商业报纸、宗教报纸、通讯社及广播电台等各种媒体分门别类地作了介绍和研究,也对这一时期中国新闻事业运营模式的现代化、新闻理论和新闻理念的现代化作了一定的探讨。
606 0  @a新闻事业史@y中国@z1916~1928
606 0  @a新闻事业史
690    @aG219.296@v4
701  0 @a王润泽@AWang Run Ze@f(1971.7~)@4著
801  0 @aCN@bTANGWEI@c20110310
905    @b0531636-40@dG219.296@e441@f5
    
    北洋政府时期的新闻业及其现代化:1916-1928/王润泽著.-北京:中国人民大学出版社,2010
    436页;21cm
    北京市社会科学理论著作出版基金资助
    
    ISBN 978-7-300-11318-0:CNY36.00
    本书对1916-1928年新闻媒体,包括官办报纸、政党报纸、商业报纸、宗教报纸、通讯社及广播电台等各种媒体分门别类地作了介绍和研究,也对这一时期中国新闻事业运营模式的现代化、新闻理论和新闻理念的现代化作了一定的探讨。
●
相关链接 在E读中查询图书 在五车中查询图书 在当当中查询图书 在豆瓣中查询图书


正题名:北洋政府时期的新闻业及其现代化     索取号:G219.296/441         预约/预借

序号 登录号 条形码 馆藏地/架位号 状态 备注
1 0531636   205316362   第一样本阅览室/ [索取号:G219.296/441] 在馆    
2 0531637   205316371   密集书库-文学院/ [索取号:G219.296/441] 在馆    
3 0531638   205316380   第四借阅区/ [索取号:G219.296/441] 在馆    
4 0531639   205316399   第四借阅区/ [索取号:G219.296/441] 在馆    
5 0531640   205316406   第四借阅区/ [索取号:G219.296/441] 在馆    
唐山师范学院图书馆 欢迎您!
大连网信软件有限公司© 版权所有